000 00630nam a2200157 a 4500
001 000032334
005 20200930065603.0
008 110714s1942 dr c 000 0 spa d
040 _aDO-SdBNP
_bspa
_cBNPHU
082 _axxx
_bM491n
100 1 _aMedina P., José
_958342
245 1 0 _aNociones de instrucción moral y cívica :
_bdesarrollo del programa oficial de instrucción moral y cívica de las escuelas primarias graduadas en la República Dominicana /
_cJosé Medina P.
260 _aSantiago de los Caballeros, República Dominicana :
_bImprenta La Información,
_c1942.
300 _at :
_bretr. ;
_c19 cm.
049 _aBNPD
999 _c31825
_d31825